Riconosci il Pokémon - Quiz n°461 - Statistics

Statistiche generali
  • Questo quiz è stato fatto 5 volte
  • Il punteggio medio è 10 su 10
Statistiche sulle risposte
Indizio Risposta % Corretto
Altezza 0,4 m
100%
Peso 10,1 kg
100%
Tasso di cattura 255 (43.9%)
100%
Sesso 50% ♂, 50% ♀
100%
Tipo Buio
100%
Stadio evoluzione Forma Base
100%
Tasso di allevamento Medio-Veloce
100%
Generazione Quinta
100%
Abilità Scioltezza; Agiltecnica; Burla
100%
Pokémon Purrloin
80%
Nessun quiz corrispondente trovato
Distribuzione punteggi
Percentuale di utenti per punteggio
Percentile per numero di risposta
I tuoi punteggi nel tempo
Non hai fatto questo quiz